काला ईश्वर व अन्य कविताएं / (Record no. 112232)

MARC details
000 -LEADER
fixed length control field 01153nam a22002657a 4500
005 - DATE AND TIME OF LATEST TRANSACTION
control field 20170124102935.0
010 ## - LIBRARY OF CONGRESS CONTROL NUMBER
LC control number B-049784
020 ## - INTERNATIONAL STANDARD BOOK NUMBER
Terms of availability 100.00
International Standard Book Number 8177140507
035 ## - SYSTEM CONTROL NUMBER
System control number B-049784
037 ## - SOURCE OF ACQUISITION
Source of stock number/acquisition Cen Lib/Ret
040 ## - CATALOGING SOURCE
Original cataloging agency DPL
Language of cataloging HN
082 ## - DEWEY DECIMAL CLASSIFICATION NUMBER
Classification number 899.171
Item number सिपाको
100 ## - MAIN ENTRY--PERSONAL NAME
Personal name सिपाकोव, याँका
9 (RLIN) 46452
245 ## - TITLE STATEMENT
Title काला ईश्वर व अन्य कविताएं /
Statement of responsibility, etc याँका सिपाकोव; अनुवाद वरयम सिंह
246 ## - VARYING FORM OF TITLE
Title proper/short title Kala ishwar va anya kavitayen /
Remainder of title by Yanka Sipakov; anuvad Varyam Singh
260 ## - PUBLICATION, DISTRIBUTION, ETC. (IMPRINT)
Place of publication, distribution, etc नयी दिल्ली
Name of publisher, distributor, etc प्रकाशन संसथान
Date of publication, distribution, etc 2001
270 ## - ADDRESS
Address 4715/21, दयानंद मार्ग
City नयी दिल्ली
Postal code 110002
300 ## - PHYSICAL DESCRIPTION
Extent 94पृ.
Dimensions 19सेमी (सजिल्द)
650 ## - SUBJECT ADDED ENTRY--TOPICAL TERM
Topical term or geographic name as entry element हिन्दी साहित्य
9 (RLIN) 46453
650 ## - SUBJECT ADDED ENTRY--TOPICAL TERM
Topical term or geographic name as entry element कविताएं
9 (RLIN) 46454
650 ## - SUBJECT ADDED ENTRY--TOPICAL TERM
Topical term or geographic name as entry element Hindi Literature
9 (RLIN) 46455
650 ## - SUBJECT ADDED ENTRY--TOPICAL TERM
Topical term or geographic name as entry element Poems
9 (RLIN) 46456
700 ## - ADDED ENTRY--PERSONAL NAME
Personal name सिंह, वरयम
9 (RLIN) 46283
942 ## - ADDED ENTRY ELEMENTS (KOHA)
Source of classification or shelving scheme Dewey Decimal Classification
Koha item type Hindi Books
Classification part 899.171
Call number suffix सिपाको
Holdings
Withdrawn status Lost status Damaged status Not for loan Home library Current library Date acquired Source of acquisition Cost, normal purchase price Total Checkouts Full call number Barcode Date last seen Date checked out Copy number Cost, replacement price Price effective from Koha item type
        Central Library Central Library 07/08/2015 Cen Lib/Ret 100.00 1 899.171 सिपाको B-049784 19/12/2023 04/12/2023 1 100.00 07/08/2015 Hindi Books

© Delhi Public Library
Hit Counter
free hit counter